Reforma slovenských vysokých škôl - fantóm alebo realita?

Pojem reforma a vymedzenie pojmu. Názory na reformu slovenských univerzít. Niekoľko hlavných zásahov, ktorým boli vystavené slovenské univerzity v 20. storočí. Idea Európskeho vzdelávacieho priestoru. Slovenský vzdelávací priestor.

Na minha lista:
Detalhes bibliográficos
Autor principal: Szelepcsényi, Ján
Formato: Capítulo de Livro
Idioma:eslovaco
Assuntos:
Tags: Adicionar Tag
Sem tags, seja o primeiro a adicionar uma tag!

MARC

LEADER 00000naa a2200000 4500
001 r049533
005 20230927095402.8
041 0 |a slo 
044 |a SK 
245 1 0 |a Reforma slovenských vysokých škôl - fantóm alebo realita?  |c Ján Szelepcsényi 
520 |a Pojem reforma a vymedzenie pojmu. Názory na reformu slovenských univerzít. Niekoľko hlavných zásahov, ktorým boli vystavené slovenské univerzity v 20. storočí. Idea Európskeho vzdelávacieho priestoru. Slovenský vzdelávací priestor. 
610 2 0 |a školy vysoké 
610 2 0 |a univerzity 
610 2 0 |a reformy školské 
610 2 0 |a vzdelávanie 
610 2 0 |a Európa 
610 2 0 |a Slovensko 
100 1 |a Szelepcsényi, Ján